Представление документа в формате RUSMARC

ПолеНазваниеЗначение
  Тип записи i
  Библиографический уровень m
001 Контрольный номер EL/0000200049
005 Дата корректировки 20201206205022.2
010 Индекс ISBN __
d Цена 122-48
100 Данные общей обработки __
a Данные общей обработки 19161014d2010||||||| 0rusy0189 ca
101 Язык документа 0_
a Язык текста rus
102 Страна публикации __
a Страна публикации RU|
105 Кодированные данные (монография) __
a Кодированные данные (монография) nn|||||||||zy
127 Кодированные данные (звукозаписи-физические характеристики) __
a Продолжительность проигрывания 9 ч
200 Заглавие и сведения об ответственности 1_
a Заглавие Мои скитания
e Сведения, относящиеся к заглавию [12+]
f Первые сведения об ответственности В. А. Гиляровский ; читает Вадим Максимов
b Общее обозначение материала Звукозапись
210 Выходные данные __
a Место издания Москва
c Издательство АРДИС
d Дата издания 2010
215 Физическое описание __
a Объем 1 электрон. опт. диск (Audio CD)
c Иллюстрации/тип воспроизводства зв.
d Формат 12х14 см
225 Серия __
a Серия Историческая библиотека
230 Специфическая характеристика материала: электронные ресурсы __
a Обозначение и объем ресурса Электронные звуковые данные
300 Общие примечания __
a Общие примечания Заглавие с вкладыша диска
323 Примечание о главных создателях, исполнителях, участниках __
a Примечание о главных создателях, исполнителях, участниках Максимов, В.
330 Аннотация __
a Аннотация Владимир Гиляровский еще при жизни стал легендой; его любили и уважали многие литераторы того времени, считая своим учителем и наставником. Писатель, журналист, бытописатель Москвы. Человек неординарный, натура сильная и мужественная. Дядя Гиляй так любовно называли его за доброту и отзывчивость. "Мои скитания" Гиляровский называл "самым любимым" своим произведением. Прежде чем стать журналистом и писателем, он был бурлаком на Волге, рабочим на заводе, вольноопределяющимся в пехотном полку, юнкером, табунщиком... Он попробовал на "своей шкуре" все прелести бродячей жизни. С непосредственностью и живостью отразил он эти годы в своем произведении. Это повесть о пережитом, а потому реальная, живая, увлекательная...
333 Примечание о целевом назначении __
a Примечание о целевом назначении 12+. Для детей старше 12 лет
337 Примечание о системных требованиях (электронные ресурсы) __
a Примечание о системных требованиях (электронные ресурсы) Системные требования: CD-плеер с поддержкой MP3 или Pentium-233 с Windows 9x-XP ; CD-ROM ; звуковая карта
606 Тематические рубрики __
a Основная рубрика Художественная литература
606 Тематические рубрики __
a Основная рубрика Русская литература XIX в. (произведения)
606 Тематические рубрики __
a Основная рубрика Русская литература XX в. (произведения)
610 Ключевые слова __
a Ключевые слова автобиографическая проза
a Ключевые слова историческая проза
a Ключевые слова тема бродяжничества
a Ключевые слова тема истории
a Ключевые слова тема труда
a Ключевые слова тема трудного детства
686 Индексы других классификаций __
2 Код системы rubbks
a Классификационный индекс 84(2=411.2)53-4я04
700 Автор _1
a Фамилия Гиляровский
b Имя В. А.
f Даты 1853-1935
g Полное личное имя Владимир Алексеевич
4 Код отношения 070
801 Источник записи _0
a Страна RU
b Организация Муниципальное бюджетное учреждение культуры "Централизованная библиотечная система" г. Сургут (Центральная городская библиотека им. А. С. Пушкина)
c Дата составления 20161014
g Правила каталогизации КиК/Котельникова
801 Источник записи _1
a Страна RU
b Организация Муниципальное бюджетное учреждение культуры "Централизованная библиотечная система" г. Сургут (Центральная городская библиотека им. А. С. Пушкина)
c Дата составления 20161014
g Правила каталогизации КиК/Котельникова
852 Данные о местонахождении __
j Шифр хранения 84(2=411.2)53-4я04
i Авторский знак Г 47
901 Тип документа __
t Тип документа 0
903 Характеристики (МАРС) __
a Дата передачи 20161014
969 Тип издания __
a Тип издания аудиокнига; издание для слепых
990 Данные о заказе (DOS) __
j Количество экземпляров (DOS) 2
t N записи в КСУ для И/У (DOS) 201610